000 00476nam a2200169Ia 4500
008 231217s9999 xx 000 0 und d
020 _a121818748
041 _aEnglish
082 _a574.192 TAB;1 R
100 _aTabor, Herbert. Tabor, Celia White.
245 0 _aMetabolism of amino acids and amines
260 _c1970
_bAcademic Press
_aNew York
300 _axxxi, 1098
400 _aMethods in enzymology
650 _aMetabolism,amino,acids,amines
942 _cAA
999 _c198290
_d198290